000 01457cam a22003614a 4500
001 14177123
003 ARRUPE
005 20160909114520.0
008 051122r20062005miu b 001 0 eng
010 _a 2005034316
020 _a0802830668 (pbk. : alk. paper)
020 _a9780802830661 (pbk. : alk. paper)
035 _a(OCoLC)ocm62509068
035 _a(OCoLC)62509068
040 _aDLC
_cDLC
_dYDX
_dBAKER
_dBTCTA
_dYDXCP
_dDLC
042 _apcc
050 0 0 _aBT702
_b.S63 2006
082 0 0 _a233/.5
_222
100 1 _aSmail, Thomas Allan,
_d1928-
_925281
245 1 0 _aLike Father, like Son :
_bthe Trinity imaged in our humanity /
_cTom Smail.
260 _aGrand Rapids, Mich. :
_bW.B. Eerdmans Pub. Co.,
_c2006.
300 _axiii, 304 p. ;
_c22 cm.
500 _aOriginally published: Paternoster Press, 2005.
504 _aIncludes bibliographical references (p. 296-300) and index.
505 0 _aWhose image? -- Biblical image -- God's image -- Human image -- Triune image -- Marred image -- Gendered image -- Incarnate image.
650 0 _aTheological anthropology
_xChristianity.
_925282
650 0 _aTrinity.
_925283
650 0 _aImage of God.
_91868
650 0 _aGod (Christianity)
_925284
906 _a7
_bcbc
_corignew
_d1
_eecip
_f20
_gy-gencatlg
942 _2lcc
_cMONOGRAPH
999 _c125069
_d125069